| 000 | 00521nam a2200157 4500 | ||
|---|---|---|---|
| 001 | 143986 | ||
| 003 | ES-MaACL | ||
| 007 | t| | ||
| 008 | 070214s1974 sp r ||||1| spa d | ||
| 100 | 1 |
_aShaw, Graham Keith. _9106030 |
|
| 245 | 1 | 0 |
_aPolítica fiscal / _cG. K. Shaw ; traducción de María García-Lliberós Sánchez-Robles. |
| 260 |
_aBarcelona : _bVicens-Vives, _c1974 ( _fInstar) |
||
| 300 |
_a96 p. ; _c21 cm. |
||
| 700 | 1 |
_aGarcía-Lliberós Sánchez-Robles, María. _954826 |
|
| 852 |
_aES-MaACL _jL-6408 _bR.107066 |
||
| 999 |
_c143986 _d143986 |
||